WOOAH all songs(June 2024 update) - Statistics

General Stats
  • This quiz has been taken 6 times
  • The average score is 14 of 23
Answer Stats
Hint Answer % Correct
QURIOUS Bad Girl
100%
2nd Digital single Blush
83%
WISH Purple
83%
EXCLAMATION woo!ah!
83%
JOY Danger
67%
UNFRAMED Girls Love Boys
67%
UNFRAMED Pom Pom Pom
67%
Pit-a-Pat Rollercoaster
67%
Digital single Catch the Stars
50%
JOY Go Away
50%
QURIOUS I Don't Miss U
50%
UNFRAMED I'll Tell You
50%
JOY Joyride
50%
WISH Pandora
50%
EXCLAMATION Payday
50%
UNFRAMED Polaroid
50%
QURIOUS Round & Round
50%
WISH Scaredy Cat
50%
Secret Jouju X WOOAH Secret princess
50%
Collab single(with BAE173, Ciipher) Shining Bright
50%
JOY Straight Up
50%
JOY Switch Up
50%
Pit-a-Pat Love Thing
33%
No matching quizzes found
Score Distribution
Percent of People with Each Score
Percentile by Number Answered
Your Score History
You have not taken this quiz